00695nam a2200145Ia 4500008004100000050002400041100004200065245017200107260008600279300002800365521002300393942000700416999001900423952010700442140724s9999 xx 000 0 und d aHF 5801b.V718 2010 aVillanueva, Maria Christina Sophia B. aInfluences of candy, meg, and seventeen magazines on the lifestyle of selected female High School Students in Las Piñas City /cMaria Christian Sophia B. Villanueva. aLas Piñas, Philippines :bSouthville International School and Colleges,cC2010. a71 p. :bill. ;c28 cm. aMass Communication cTH c228837d228837 001040aCLbCLcTHESESd2014-07-24l0oHF 5801 .V718 2010pT0191r2018-05-15 00:00:00w2014-07-24yTH